LEADER 01462nam0-22003851i-450- 001 990007050960403321 005 20050722150920.0 010 $a88-13-19499-4 035 $a000705096 035 $aFED01000705096 035 $a(Aleph)000705096FED01 035 $a000705096 100 $a20020225d1995----km-y0itay50------ba 101 0 $aita 102 $aIT 105 $ay---n---001yy 200 1 $aCommentario breve al nuovo codice di procedura penale$eappendice di aggiornamento con il testo della legge 8 agosto 1995, n. 332$fGiovanni Conso, Vittorio Grevi$gcomplemento giurisprudenziale a cura di Vittorio Grevi$gcon la collaborazione di Ernesto Aghina ... [et al.] 210 $aPadova$cCedam$d1995 215 $aV, 487 p.$d24 cm 225 1 $aBreviaria iuris 311 $aAppendice di aggiornamento del 1995 all'omonimo testo del 1994 488 0$1001000627432$12001$aCommentario breve al nuovo codice di procedura penale$eappendice di aggiornamento con il testo della legge 8 agosto 1995, n. 332 676 $a348$v12 rid.$zita 700 1$aConso,$bGiovanni$0149594 701 1$aGrevi,$bVittorio$0222797 702 1$aAghina,$bErnesto 801 0$aIT$bUNINA$gRICA$2UNIMARC 901 $aBK 912 $a990007050960403321 952 $aCOLLEZIONE 392 (21)$b30476*$fFGBC 952 $aVI Z 465$b4071$fDDA 959 $aFGBC 959 $aDDA 996 $aCommentario breve al nuovo codice di procedura penale$9640940 997 $aUNINA LEADER 01195cam0-22004091i-450 001 990006118330403321 005 20190612102141.0 010 $a88-204-2772-9 035 $a000611833 035 $aFED01000611833 035 $a(Aleph)000611833FED01 035 $a000611833 100 $a20000112d1988----km-y0itay50------ba 101 0 $aita 102 $aIT 105 $ay-------001yy 200 1 $aSoggetti, azioni, norme$esaggio su diritto e ragion pratica$fGianluigi Palombella 210 $aMilano$cAngeli$d©1988 215 $a208 p.$d22 cm 225 1 $aLavoro filosofico$fcollana diretta da Domenico Corradini ed Eugenio Ripepe$v37 676 $a340.1$v20$zita 676 $a340.11$v21$zita 700 1$aPalombella,$bGianluigi$0148411 801 0$aIT$bUNINA$gRICA$2UNIMARC 901 $aBK 912 $a990006118330403321 952 $aXI Q 131 (37)$b20618*$fFGBC 952 $aXI D P 39$b875$fDFD 952 $a340.11 PAL 1$bBibl.4956$fFLFBC 952 $a340.11 PAL 1 (BIS)$bBibl.760$fFLFBC 952 $aTT 367$b869$fDDCIC 959 $aDFD 959 $aFGBC 959 $aFLFBC 959 $aDDCIC 996 $aSoggetti, azioni, norme$9278510 997 $aUNINA LEADER 00828cam0 22002531 450 001 SOBE00025317 005 20120514122043.0 100 $a20120514g00009999|||||ita|0103 ba 101 $aita 102 $aIT 200 1 $a<>Euxenippea d'Iperide$fLionello Levi, con introduzione e note 205 $arist. anast. dell'ed. Pisa 1889 210 $a[Roma]$cStudio Bibliografico Polla$d[19..] 215 $a73 p.$d22 cm 700 1$aLevi$b, Lionello$3SOBA00003910$4070$0234214 801 0$aIT$bUNISOB$c20120514$gRICA 850 $aUNISOB 852 $aUNISOB$j870$m30879 912 $aSOBE00025317 940 $aM 102 Monografia moderna SBN 941 $aM 957 $a870$b001227$gSI$d30879$racquisto$1bethb$2UNISOB$3UNISOB$420120514122049.0$520120514122524.0$6bethb 996 $aEuxenippea d'Iperide$91717755 997 $aUNISOB LEADER 01815nas 22004813a 450 001 9910145042803321 005 20240413013939.0 035 $a(CKB)1000000000389195 035 $a(CONSER)cn2006301116 035 $a(EXLCZ)991000000000389195 100 $a20060526a20069999 --- b 101 0 $afre 200 00$aAccromath 210 $aMontréal $cInstitut des sciences mathématiques$d[2006]- 215 $a1 online resource 300 $aTitre pris sur la couv. 300 $aChaque livr. comporte aussi un titre distinct. 311 $aPrint version: Accromath. (DLC)cn2006301116 (OCoLC)1083317883 1911-0189 606 $aMathematics$xStudy and teaching (Secondary)$vPeriodicals 606 $aMathematics$xStudy and teaching (Higher)$vPeriodicals 606 $aMathématiques$xÉtude et enseignement (Secondaire)$vPériodiques 606 $aMathématiques$xÉtude et enseignement (Supérieur)$vPériodiques 606 $aEnseignement collégial$2rasuqam 606 $aEnseignement secondaire$2rasuqam 606 $aMathématique$2rasuqam 608 $aserials (publications)$2aat 608 $aSerial publications.$2lcgft 608 $aPublications en série.$2rvmgf 615 0$aMathematics$xStudy and teaching (Secondary) 615 0$aMathematics$xStudy and teaching (Higher) 615 6$aMathématiques$xÉtude et enseignement (Secondaire) 615 6$aMathématiques$xÉtude et enseignement (Supérieur) 615 7$aEnseignement collégial. 615 7$aEnseignement secondaire. 615 17$aMathématique. 676 $a510 686 $acci1icc$2lacc 712 02$aInstitut des sciences mathématiques (Montréal, Québec) 906 $aJOURNAL 912 $a9910145042803321 920 $aexl_impl conversion 996 $aAccromath$92582265 997 $aUNINA